|
|
|
|
| LEADER |
00971nam a2200325 4500 |
| 001 |
DLU110125963 |
| 005 |
##20110930 |
| 040 |
# |
# |
|a DLU
|b vie
|
| 041 |
# |
# |
|a vie
|
| 044 |
# |
# |
|a vn
|
| 082 |
# |
# |
|a 324.259 707 092
|b LE-S
|
| 100 |
# |
# |
|a Lê Quốc Sử.
|
| 245 |
# |
# |
|a Bảy vị cố tổng bí thư Đảng Cộng sản Việt Nam sống mãi với chúng ta /
|c Lê Quốc Sử; Lê Văn Vỵ hiệu đính.
|
| 260 |
# |
# |
|a H. :
|b Thời đại,
|c 2010.
|
| 300 |
# |
# |
|a 450 tr. :
|b minh hoạ ;
|c 27 cm.
|
| 610 |
# |
# |
|a Đảng Cộng sản Việt Nam.
|
| 650 |
# |
# |
|a Đảng viên Đảng Cộng sản
|z Việt Nam
|v Tiểu sử.
|
| 650 |
# |
# |
|a Nhà chính trị
|z Việt Nam
|v Tiểu sử.
|
| 700 |
# |
# |
|a Lê Văn Vỵ ,
|e hiệu đính.
|
| 923 |
# |
# |
|a 14/2011
|
| 991 |
# |
# |
|a SH
|
| 992 |
# |
# |
|a 295000
|
| 994 |
# |
# |
|a DLU
|
| 900 |
# |
# |
|a True
|
| 911 |
# |
# |
|a Đào Thị Thu Huyền
|
| 925 |
# |
# |
|a G
|
| 926 |
# |
# |
|a A
|
| 927 |
# |
# |
|a SH
|
| 980 |
# |
# |
|a Thư viện Trường Đại học Đà Lạt
|